02347nam a2200385 i 4500001001000000003000900010005001700019006001900036007000300055008004100058020001500099040003000114041000800144082002300152245030000175264003600475300009500511336002700606337003300633338002800666505064400694590002701338650006501365700004001430700004301470700004101513700004701554700005501601700004301656700004201699910003701741942001401778952015201792999001701944000044108DO-SdBNP20250314113209.0a||||gr|||| 00| 0 ta140516t1987 sp aoc 001 0 spa d a8423969495 aDO-SdBNPbspacBNPHUerda aspa 4a333.703bD545n22200aDiccionario de la naturaleza :bhombre, ecología, paisaje /cEstructura y coordinador, Ángel Ramos; Miguel Aguiló Alonso, Miguel Aguiló Alonso, Luis Andrés Oriver, María Paz Aramburu Maqua, Victor Manuel Castillo Sánchez, Adolfo Cazorla Montero, Antonio Día Segovia... [y otros]. 4aMadrid :bEspasa Calpe,c©1987 axvi, 1016 páginas :bilustraciones, fotografías, mapas, gráficas, retratos ;c26 cm. 2rdacontentatextobtxt 2rdamediaasin mediaciónbn 2rdacarrieravolumenbnc aMedio biofísico. Naturaleza. Ecosfera.tAcciones humanas en relación con la naturaleza. Noosfera. Antroposfera.t1. Atmósfera.-- 2. Hidrósfera.-- 3. Geosfera.-- 4. Biosfera.-- 5. Procesos.-- 6. Recursos naturales: Fuentes de energía.-- 7. Actividades humanas, uso del suelo.-- 8. Efecto de las acciones humanas.-- 9. Problemas relevantes.-- 10. El enfoque sistémico.-- 11. La percepción de la naturaleza. Los movimientos ecologistas. 12. Protección de la naturaleza Figuras, programas. entidades.-- 12. Protección de la naturaleza. Figuras.-- 13. Medidas correctoras.-- 14. Modelos y técnicas del enfoque sistemático. aInventariado 2024 / MF 0aConservación de los recursos naturalesvDiccionarios915621 aRamos, Ángel,972105ecoordinador1 aAguiló Alonso, Miguel,eautor9861851 aOriver, Luis Andrés,eautor9861921 aAramburu Maqua, María Paz,eautor9861931 aCastillo Sánchez, Víctor Manuel,eautor9861941 aCazorla Montero, Adolfo,eautor9861951 aDía Segovia, Antonio,eautor986196 aValidado. Control de Calidad/MAA 2ddccLBS1 00102ddc56708GR-RaBNPHUbBNPHUcHDd2014-05-16eDonación l0oBNPHU R-GR 333.703 D545np44108-10r2020-06-25w2020-06-25yLBS1ZNo se presta c43597d43597